000 00299nam a22001337a 4500
008 170614b xxu||||| |||| 00| 0 eng d
020 _a1555874002
041 _aeng
080 _a338
100 _a19
101 _aSHP
245 _aDEVELOPMENT UNDER DEVELOPMENT
_cSELIGSON,M.A
942 _2udc
_cBK
999 _c17372
_d17372